000 02010nam0a2200433 4500
001 RU\NLR\bibl\829873
005 20260407120517.0
010 _a5-7688-0826-4
_91000
021 _aRU
_b2005-16538
_9843
035 _aEL/0000024861
035 _a65.9(2)305.8-430389
035 _a(NLR Aleph) 000818746
090 _a1287566
_c1287566
100 _a20050712d2005 |||y0rusy50 ca
101 0 _arus
102 _aRU
105 _aa |||||||||
200 1 _aКузница боеприпасов
_fФедер. гос. унитар. предприятие "Сигнал"
_g[сост. М.А. Меньшикова
_gобществ. редкол.: А.Г Загитов и др.]
210 _aЧелябинск
_cЮж.-Урал. кн. изд-во
_d2005
215 _a253 с., [16] л. цв. ил.
_d21
225 1 _aСерия "Уральский арсенал"
601 0 2 _a"Сигнал", федеральное государственное унитарное предприятие
_cЧелябинск, город
_92391668
_3RU\NLR\auth\661426229
610 1 _a"Сигнал" (Челяб. гос. предприятие)
610 1 _aхимическое машиностроение
610 1 _aзавод "Сигнал"
686 _a65.9(2)305.851.518
_vLBC/RL
_2rubbk
686 _a65.9(2Р36-4Че)
_vLBC/RL
_2rubbk
686 _a06.71.03
_2rugasnti
686 _aЦ8(2Р)2
702 1 _4220
_aМеньшикова
_bМ. А.
_cкраевед
_f1933-
_gМария Александровна
_9167846
_3RU\NLR\AUTH\770167894
702 1 _aЗагитов
_bА. Г.
_4340
712 0 2 _4570
_a"Сигнал", федеральное государственное унитарное предприятие
_cЧелябинск
_9639612
_3RU\NLR\AUTH\8810069005
801 0 _aRU
_bЧелябинская ОУНБ
_c20050610
_gPSBO
801 1 _aRU
_bЧелябинская ОУНБ
_c20050712
801 2 _aRU
_bNLR
_c20050810
_gPSBO
942 _cBOOK
980 _aNB